Herec - pedagóg

Bibliographic Details
Main Author: Horváth, Emil, 1945- (Author)
Format: Article
Language:Slovak
ISBN:8085182351
Subjects:

MARC

LEADER 00000nab a2200000 a 4500
001 vtls000534523
003 SK-MaSNL
005 20260304215518.0
008 120928c1994 xo 0 slo
015 |a SNBRA19rr/mm-uuuuu 
035 |a CL0534661 
040 |a SNKBUCL  |b slo  |c SNKBUCL  |e AACR2 
041 0 |a slo 
044 |a xo  |c SK 
080 |a 792.01:37.011  |2 1981 
080 |a 37.011  |2 1981 
080 |a 792.071.2  |2 1981 
100 1 |a Horváth, Emil,  |d 1945-  |4 aut  |9 98599 
245 1 0 |a Herec - pedagóg  |c Emil Horváth ml. 
650 0 7 |a herectvo  |2 snkbucl  |9 3342 
650 0 7 |a pedagogika  |2 snkbucl  |9 955 
655 7 |a články zo zborníkov  |2 snkbucl  |9 166140 
773 0 |t Zborník habilitačných prednášok pedagógov ČaBF  |d Bratislava : Vysoká škola múzických umení Bratislava, 1994  |g S. 10-24  |z 8085182351 
850 |a Slovenská národná knižnica v Martine  |a MTA001 
852 |a SNK  |b KIS3GCP 
958 |a RK 
992 |a RZB 
999 |c 3146622  |d 3148552